Normal view
MARC view
- Sempere Carreras, Teresa
Entry Nombre Personal
001 - NUMERO DE CONTROL
- campo de control: 45466
003 - IDENTIFICADOR DE NUMERO DE CONTROL
- campo de control: UPN
005 - FECHA Y HORA DE LA ÜLTIMA TRANSACCIÓN
- campo de control: 20220801112853.0
008 - DATOS DE LONGITUD FIJA
- campo de control de longitud fija: 220801nn acannaabn n ana d
040 ## - FUENTE DE CATALOGACIÓN
- Agencia original de catalogación: UPN
100 1# - ENCABEZAMIENTO - NOMBRE PERSONAL
- Nombre personal: Sempere Carreras, Teresa
400 1# - VEÁSE - NOMBRE DE PERSONA
- Personal name: Sempere, Teresa
670 ## - FUENTE EN LA QUE SE LOCALIZARON DATOS
- Cita de la fuente: World Cat Authorities
680 ## - NOTA PUBLICA DE ACCESO PÚBLICO
- Frase explicativa de la referencia: Investigadora y traductora
902 ## - CATALOGADOR
- Catalogador: CAA/010822
